000 00665nam a2200205 a 4500
001 000025616
005 20200930023923.0
008 110218s1978 cu a r 000 0 spa d
040 _aDO-SdBNP
_bspa
_cBNPHU
082 _aNNN
_bA921c
100 1 _aAugier, Ángel
_d1910-2010
_952307
245 1 0 _aCopa de sol /
_cÁngel Augier ; edición Maritza González.
260 _aLa Habana, Cuba :
_bLetras Cubanas,
_c1978.
300 _a52, [4] p. ;
_c18 cm.
490 1 _aMínima poesía
_v16
590 _aLa biblioteca posee un ejemplar autografiado por el autor
700 1 _aGonzález, Maritza
_etr.
_917656
830 0 _aMínima poesía ;
_v16
_952308
049 _aBNGR
999 _c25108
_d25108